00634nam a2200169 i 450000100060000000300090000600500170001500700030003200800410003510000420007624501210011826000320023930000220027185200320029399900170032595201220034273722ES-MaACL20230906171914.0t|040910s1970 sp ||||1| spa d1 aGondra Romero, José María.95823710aRégimen jurídico de las operaciones de carga y descarga en el tráfico marítimo / cJosé Mª Gondra Romero. aMadrid : bTecnos, c[1970] a147 p. ; c22 cm. aES-MaACLjC-47824 bR.72620 c73722d73722 00104070aATENEOMbATENEOMcDEPO2d2008-01-17eSCl0oC-47824p1077165r2023-02-23 00:00:00w2023-02-23yMONOGRAFIA